00558nam a2200145Ia 4500008004100000020001800041041000800059082001700067100007400084245018800158250000600346260003900352300001200391650000900403210716s2017 xx 000 0 und d a9781786468888 aeng a005.276 SENG aSenthilvel, Ganesan; Khan, Ovais Mehboob Ahmed; Qureshi, Habib Ahmed. aEnterprise application architecture with .net core: an architectural journey into microsoft .net open source platform.bArchitectural journey into microsoft .net open source platform. a1 aMumbaibPackt Publishing Ltdc2017 axiv,535 aNone